MARC

Tag First Indicator Second Indicator Subfields
LEADER 00000cas a2200000L 4500
001 in00000052436
005 20151007070136.0
008 750812c19189999deu x p 0uuua0eng
010 |a  20001227  
035 |a (OCoLC)01536577 
035 |9 AAE3423AM 
040 |a MUL  |c MUL  |d TXA  |d UtOrBLW 
049 |a TXAE 
050 0 |a TN279  |b .B54 
245 0 0 |a Blaster's handbook. 
264 1 |a Wilmington :  |b E.I. Du Pont de Nemours,  |c 1918- 
300 |a  volumes :  |b illustrations (part color) ;  |c 18-21 cm.  |a irregular. 
336 |a text  |b txt  |2 rdacontent 
337 |a unmediated  |b n  |2 rdamedia 
338 |a volume  |b nc  |2 rdacarrier 
515 |a Some vols. issued in rev. editions. 
550 |a Vols. for 19 -58 prepared by the Technical Services Section, Explosives Dept. of the E. I. Du Pont de Nemours and Company; for 1966- by the Sales Development Section, Explosives Dept. 
650 0 |a Blasting  |x Handbooks, manuals, etc. 
710 2 |a E.I. du Pont de Nemours & Company.  |b Explosives Department.  |b Technical Services Section. 
710 2 |a E.I. du Pont de Nemours & Company.  |b Explosives Department.  |b Sales Development Section. 
999 |a MARS 
999 f f |s a9ca2189-b5af-3dd0-8012-fd6f356c1919  |i 8b45f040-ae1c-313f-ae53-041b310016be  |t 0 
952 f f |p ric  |a Texas A&M University  |b Rellis Campus  |c Joint Library Facility  |d Remote Storage  |t 0  |e TN279 .B54  |h Library of Congress classification  |i unmediated -- volume  |k 1958  |m A14808338446 
998 f f |a TN279 .B54  |s 1958  |t 0  |l Remote Storage